Niziny Świata - Statystyki

Ogólne statystyki
  • Ten quiz został rozwiązany 3 466 razy
  • Średni wynik to 11 z 19
Odpowiedzi na mapie
Odpowiedzi zakodowano w zielono-czerwonej skali na mapie do tego quizu, zgodnie z poniższymi procentami.
 
Statystyki odpowiedzi
Odpowiedź % Poprawnych
Angielska
79%
Amazonki
78%
Chińska
74%
Francuska
72%
Wschodnio-europejska
71%
Kotlina Czadu
65%
Gangesu
63%
La Platy
61%
Indusu
60%
Kotlina Konga
60%
Mezopotamii
57%
Nadkaspijska
55%
Kotlina Kalahari
54%
Zatokowa
54%
Wielki Basen Artezyjski
51%
Orinoko
49%
Nadbrzeżna
46%
Turańska
37%
Padańska
35%
Nie znaleziono quizów pasujących do podanych kryteriów
Rozkład punktacji
Procent ludzi z każdym wynikiem
Percentyl według liczby udzielonych odpowiedzi
Twoja historia wyników
Nie rozwiązałeś tego quizu